| 000 | 00492nam a2200121Ia 4500 | ||
|---|---|---|---|
| 008 | 160712s9999 xx 000 0 und d | ||
| 100 | _aCainghog, Nelson G. | ||
| 245 |
_cNelson G. Cainghog _aDoes the Number of Veto Players Matter? Cases of Health Policy-Making Among Municipalities in Bohol, 1999-2003 |
||
| 260 |
_c2011 _bPhilippine Social Sciences Review |
||
| 300 | _avol. 63 no. 2 | ||
| 650 | _xSOCIAL SCIENCES | ||
| 856 | _uhttp://journals.upd.edu.ph/index.php/pssr/issue/view/348/showToc | ||
| 999 |
_c297677 _d297677 |
||